00761nam a2200229Ia 4500003000400000005001700004008004100021020001500062040001800077041000800095082001800103100001900121245007300140250001100213260003600224300002000260650005200280650004600332650006600378650006500444700002200509OSt20220614105749.0210716s2001 xx 000 0 und d a8186773116 cAIMIT LIBRARY aeng a658 21bBATP aBatra, Promod. aManagement ideas in action /cBy Batra, Promod and Mahendru, Deepak. a1st ed aNew Delhi :bThink Inc ,c2001. a492p. ;c22 cm. aManage yourself better before you manage others aThink people good people committed people aNever stop listening never stop listening never stop training aCustomers costomers everywhere how still more in my business aMahendru, Deepak.